Chemistry: a humanistic view. (Record no. 183342)

000 -LEADER
fixed length control field 01051 a2200193 4500
003 - CONTROL NUMBER IDENTIFIER
control field Nust
005 - DATE AND TIME OF LATEST TRANSACTION
control field 20221011141156.0
010 ## - LIBRARY OF CONGRESS CONTROL NUMBER
LC control number 73020444
020 ## - INTERNATIONAL STANDARD BOOK NUMBER
International Standard Book Number 0070017867
-- 0070017875 (pbk.)
040 ## - CATALOGING SOURCE
Transcribing agency Nust
082 00 - DEWEY DECIMAL CLASSIFICATION NUMBER
Classification number 540,AND
100 1# - MAIN ENTRY--PERSONAL NAME
Personal name Andrews, Donald H.
9 (RLIN) 99906
245 10 - TITLE STATEMENT
Title Chemistry: a humanistic view.
260 ## - PUBLICATION, DISTRIBUTION, ETC.
Place of publication, distribution, etc. New York,
Name of publisher, distributor, etc. McGraw-Hill
Date of publication, distribution, etc. [1974]
300 ## - PHYSICAL DESCRIPTION
Extent xv, 396 p.
Other physical details illus.
Dimensions 23 cm.
505 ## - FORMATTED CONTENTS NOTE
Formatted contents note Chemistry In Today’s World (Page-1), Matter (Page-14), The Chemical Elements (Page-30), Energy (Page-44), The Singing Atom (Page-66), The Atomic Nucleus (Page-98), Chemical Bonding (Page-128), Chemical Dynamics (Page-152), States And Reactions (Page-172), Solutions (Page-196), Inorganic Groups 1,2,3,4 (Page-216), Inorganic Groups 5,6,7,8 (Page-244), The Bridge Elements (Page-262), Organic Chains (Page-278), Organic Rings (Page-296), Organic Networks (Page-310), Biostructures (Page-320), Bioenergy (Page-338), Biocontrols (Page-350), Chemistry In Tomorrow’s World (Page-374).
650 #0 - SUBJECT ADDED ENTRY--TOPICAL TERM
Topical term or geographic name entry element Chemistry.
942 ## - ADDED ENTRY ELEMENTS (KOHA)
Source of classification or shelving scheme
Koha item type Book
Holdings
Withdrawn status Lost status Source of classification or shelving scheme Damaged status Not for loan Permanent Location Current Location Shelving location Date acquired Full call number Barcode Date last seen Price effective from Koha item type Public note
          Military College of Signals (MCS) Military College of Signals (MCS) General Stacks 12/12/2016 540,AND MCS20886 12/08/2016 12/12/2016 Book Almirah No.25, Shelf No.1
© 2023 Central Library, National University of Sciences and Technology. All Rights Reserved.